Statistics for Ski Resorts of the Czech Republic

Click here to take the quiz!

General Stats

  • This quiz has been taken 10 times
  • The average score is 7 of 16

Answer Stats

Answer% Correct
Ještěd
75%
Klínovec
75%
Pec pod Sněžkou
75%
Špindlerův Mlýn
75%
Černá Hora
50%
Dolní Morava
50%
Lipno
50%
Lysá Hora
50%
Plešivec
50%
Praděd
50%
Buková hora
25%
Kouty nad Desnou
25%
Pustevny - Trojanovice
25%
Vrchlabí - Kněžnický vrch
25%
Herlíkovice - Bubákov
0%
Paseky nad Jizerou
0%

Score Distribution

Percentile by Number Answered

Percent of People with Each Score

Your Score History

You have not taken this quiz